LEADER 00810nam a2200205 i 4500 001 000000064572 003 CaOOAMICUS 005 20260423081600.0 008 131011s1967 xx u000 u ger u 013 $a35744 040 $aSeMil$bita 245 10$a1: Die Griechen /$cvon Dieter Nestle. 300 $a164 p. 490 0 $aHermeneutische Untersuchungen zur Theologie ;$v6 773 0 $aNestle, Dieter$tEleutheria.$dTübingen : Mohr Siebeck, 1967.$kHermeneutische Untersuchungen zur Theologie$g1$w()28871 830 0$aHermeneutische Untersuchungen zur Theologie ;$v6.$0(OLS)http://semarc/title/30794 850 $aSeMil 852 $aSeMil$W1$xVenegono$y1$m2M IV 336$j30725$B30725$CSeMilBibl$Z2$F30728 $81 996 $6245$a1: Die Griechen$9(OLS)http://semarc/title/102275